| 000 | 00640nam a2200169 4500 | ||
|---|---|---|---|
| 001 | 136147 | ||
| 003 | ES-MaACL | ||
| 005 | 20230906195039.0 | ||
| 007 | t| | ||
| 008 | 070214s1958 sp r ||||1| spa d | ||
| 100 | 1 |
_aRuiz del Rincón, Esteban Cecilio. _9100781 |
|
| 245 | 1 | 0 |
_aTransmisión materno-fetal de anticuerpos ascaridianos _b: tesis doctoral / _cpor Esteban Cecilio Ruiz del Rincón. |
| 260 |
_aGranada : _b[s. n.], _c1958 ( _fImp. Urania) |
||
| 300 |
_a28 h. ; _c24 cm + _e1 gráf. pleg. |
||
| 500 | _aSeparata de: Revista Ibérica de Parasitología, t. XVIII, julio 1958, p. 256-308. | ||
| 852 |
_aES-MaACL _j2006-F-4 _bR.42670 |
||
| 999 |
_c136147 _d136147 |
||